Las prestaciones dinerarias en la Ley Nº 24557 de Riesgos de Trabajo (Registro nro. 18349)

Detalles MARC
000 -LEADER
fixed length control field 00483 a2200121 4500
001 - CONTROL NUMBER
control field ART_42698
005 - DATE AND TIME OF LATEST TRANSACTION
control field 20260410161736.0
008 - FIXED-LENGTH DATA ELEMENTS--GENERAL INFORMATION
fixed length control field 260409a
100 1# - MAIN ENTRY--PERSONAL NAME
Personal name González Galé, Héctor L.
245 10 - TITLE STATEMENT
Title Las prestaciones dinerarias en la Ley Nº 24557 de Riesgos de Trabajo
700 1# - ADDED ENTRY--PERSONAL NAME
Personal name Alonso, Juan Carlos
773 0# - HOST ITEM ENTRY
Title Ejecutivos de finanzas
Related parts Concursos y quiebras: ¿una ley automática?. Lo que hay que saber sobre ARTs - Año 11, Nº 122 (dic. 1995)
Record control number REV2863

No hay ítems disponibles.